| 000 | 00796nam a2200241 a 4500 | ||
|---|---|---|---|
| 005 | 20230610063604.0 | ||
| 008 | 991125s1994 ag 000 0 spa u | ||
| 020 | _a950701246X | ||
| 035 | _aUPN01000025219 | ||
| 040 |
_aMX-MxUPN _bspa _cMX-MxUPN |
||
| 050 | 4 |
_aLA548.7 _bF72 1994 |
|
| 245 | 0 | 0 |
_aFracaso escolar : _bel éxito prohibido : una investigación sobre el fracaso escolar en áreas urbano-marginales / _cCarlos A. Oyola [y otros]. |
| 250 | _aPrimera edición | ||
| 260 |
_aBuenos Aires, Argentina : _bAique, _c1994. |
||
| 300 | _a239 páginas | ||
| 490 | _aTransversal | ||
| 650 | 2 |
_aEducación _zRío Negro, Argentina _918025 |
|
| 650 | 4 |
_aFracaso escolar _94966 |
|
| 700 | 1 |
_aOyola, Carlos A. _947463 |
|
| 902 | _aNoemiAcosta/141122 | ||
| 905 | _aLibro | ||
| 942 |
_2lcc _cLIBRO |
||
| 999 |
_c209039 _d209039 |
||